The mvp of every super bowl - Statistics

General Stats
  • This quiz has been taken 13 times
  • The average score is 17 of 25
Answer Stats
Hint Answer % Correct
2024 Patrick mahomes
100%
2023 Patrick mahomes
100%
2020 Patrick mahomes
100%
2021 Tom Brady
100%
2017 Tom Brady
100%
2015 Tom Brady
100%
2004 Tom brady
100%
2002 tom brady
100%
2012 Eli manning
92%
2008 eli manning
92%
2007 peyton manning
92%
2011 aaron rodgers
67%
2022 Cooper kupp
67%
2018 Nick foles
67%
2010 Drew brees
58%
2019 julian edelman
50%
2000 kurt warner
50%
2006 Hines ward
42%
2013 Joe flacco
42%
2016 Von miller
42%
2014 Malcolm smith
33%
2001 ray lewis
33%
2005 Deion branch
25%
2003 Dexter jackson
25%
2009 santonio homes
8%
No matching quizzes found
Score Distribution
Percent of People with Each Score
Percentile by Number Answered
Your Score History
You have not taken this quiz